000 00719cam a22002414a 4500
999 _c1816
_d1816
020 _a0130319503 (paper)
050 0 0 _aRT67
_b.P38 PEN REF
100 1 _aPender, Nola J.,
245 1 0 _aHealth promotion in nursing practice /
_cNola J. Pender, Carolyn L. Murdaugh, Mary Ann Parsons.
250 _a4th ed.
260 _aUpper Saddle River, NJ :
_bPrentice Hall,
_cc2002.
300 _axi, 340 p. :
_bill. ;
_c24 cm.
650 0 _aHealth promotion.
650 0 _aPreventive health services.
650 0 _aNursing.
650 1 2 _aHealth Promotion
650 1 2 _aNursing Care
650 2 2 _aHealth Behavior
650 2 2 _aHealth Policy
700 1 _aMurdaugh, Carolyn L.
700 1 _aParsons, Mary Ann.
942 _cBK